banner-ar

صحة المرأة فى فترة الانجاب : الخطر الكامن / (Record no. 46648)

MARC details
000 -الفاتح
حقل البيانات ثابتة الطول 00599nam a2200169Ia 4500
008 - عناصر البيانات ثابتة الطول - معلومات عامة
حقل البيانات ثابتة الطول 140319s9999 xx 000 0 ara d
040 ## - مصدر الفهرسة
وكالة الفهرسة الأصلية GCL /
وكالة النسخ GCL
082 04 - رقم تصنيف ديوى العشرى
رقم التصنيف 301.31
رقم المادة م م
100 1# - المدخل الرئيسى - إسم شخصى
الإسم الشخصى احمد عبدالله احمد
245 10 - بيان العنوان
العنوان صحة المرأة فى فترة الانجاب : الخطر الكامن /
بيان المسئوليه,etc احمد عبدالله احمد
700 1# - المدخل الاضافى - اسم شخصى
الإسم الشخصى جاكوبسون، جودى. ل .
490 ## - بيان السلسلة
عنوان السلسلة معهد مراقبة البيئة العالمية ورلد واتش
رقم المجلد/ التعيين التسلسلي 0
650 04 - المدخل الاضافى بالموضوع-مصطلح موضوعى
مصطلح موضوعي المرأة - صحة
650 04 - المدخل الاضافى بالموضوع-مصطلح موضوعى
مصطلح موضوعي البيئة - علم
942 ## - عناصر المدخل الإضافي( كوها)
مصدر التصنيف او مخطط الترفيف Dewey Decimal Classification
Koha [default] item type كتاب
Holdings
حالة التراجع حالة الفقد حالة تلف ليس للاعارة المكان المؤقت الموقع الحالى تاريخ الاكتساب اجمالي اﻻعارات رقم الطلب الباركود تاريخ اخر مشاهدة تاريخ تفعيل السعر نوع وعاء كوها
        مكتبة القاهرة الكبرى مكتبة القاهرة الكبرى 03/26/2014   301.31\م م 113513 03/26/2014 03/26/2014 كتاب
        مكتبة القاهرة الكبرى مكتبة القاهرة الكبرى 03/26/2014   301.31\م م 113514 03/26/2014 03/26/2014 كتاب
        مكتبة القاهرة الكبرى مكتبة القاهرة الكبرى 03/26/2014   301.31\م م 113515 03/26/2014 03/26/2014 كتاب
        مكتبة القاهرة الكبرى مكتبة القاهرة الكبرى 03/26/2014   301.31\م م 113516 03/26/2014 03/26/2014 كتاب

Powered By

EGPV